[Event "69th RUS-ch Women Superfinal 2019"]
[Site "Izhevsk"]
[Date "2019.08.16"]
[Round "6.6"]
[White "Shuvalova, Polina"]
[Black "Kosteniuk, Alexandra"]
[Result "1-0"]
[WhiteElo "2418"]
[BlackElo "2517"]
[Annotator "TA"]
[PlyCount "83"]
[EventDate "2019.08.10"]
[EventType "tourn"]
[EventCountry "RUS"]
[SourceTitle "playchess.com"]
[Source "ChessBase"]
[SourceQuality "1"]

{[%evp 13,83,29,40,29,22,10,10,26,8,16,15,44,41,27,25,24,66,2,20,18,15,19,22,7,27,0,0,0,98,16,155,163,148,132,159,170,180,155,163,20,16,13,13,0,0,0,154,161,158,147,156,157,561,513,513,479,482,471,471,466,462,462,447,439,439,433,512,509,497,420,508,507]} 1. e4 e5 2. Nf3 Nf6 3. d4 Nxe4 4. Bd3 d5 5. Nxe5 Nd7 6. Nxd7 Bxd7 7. O-O Be7 8. Nd2 {C43: Petroff Defence: 3 d4} Nf6 9. h3 O-O 10. Nf3 {The position is equal.} c5 (10... Re8 11. c3 c5 12. Be3 c4 13. Bc2 Bd6 14. Ne5 Bxe5 15. dxe5 Rxe5 {½-½ (33) Andreikin,D (2702)-Li,C (2732) China 2018}) 11. c3 Qb6 $146 ({Predecessor:} 11... c4 12. Bc2 Re8 13. Re1 h6 14. Ne5 Bd6 15. Qf3 b5 {1-0 (30) Crielesi,G-MacMillen,A (1725) ICCF email 2016}) 12. dxc5 Bxc5 13. b4 Bd6 14. Be3 Qc7 15. Qb3 (15. Bd4 $14) 15... a6 16. Bd4 $36 {[%mdl 2048] Black should prevent Bxf6. White is pushing.} Nh5 17. Rfe1 (17. Qxd5 Nf4 $17) 17... Nf4 18. Bf1 Bf5 19. g3 Nxh3+ 20. Kh2 Qd7 (20... Bg4 $11 {remains equal.}) 21. Bg2 (21. Ne5 $1 $16 {[%cal Re5d7]} Bxe5 22. Rxe5) 21... Be6 (21... Rae8 $11 {keeps the balance.}) 22. Ne5 $16 Qc8 23. f4 (23. Bxd5 Ng5 $11) 23... Rd8 24. Bxd5 Nxf4 25. gxf4 {Black must now prevent Bxe6.} Bxe5 {[#]} 26. Rxe5 (26. Bxe6 $1 $18 Bxf4+ 27. Kg2 Qc6+ 28. Kf2) 26... Bxd5 $11 27. Rxd5 {Hoping for Rg1.} Qg4 28. Rg5 Qxf4+ 29. Rg3 {And now Qc2 would win.} Qh4+ $2 (29... h5 $1 $11 30. Kg2 h4) 30. Kg2 $16 Qe4+ 31. Kh3 Rd5 {[%cal Rd5h5] [#]} 32. Qd1 $1 ({Resist} 32. Rxg7+ Kf8) 32... Rd6 $2 (32... f6 $16 {is more resistant.} 33. Qg4 Qxg4+ 34. Rxg4 (34. Kxg4 Re8 $16) 34... Kf7) 33. Rxg7+ $18 Kf8 34. Rg4 Rh6+ 35. Kg3 {White wants to mate with Bc5+.} Rg6 36. Qf3 Re8 37. Rf1 {[%csl Gf1][%cal Rf3f7]} ({Not} 37. Qxe4 Rxe4 38. Rxg6 fxg6 $18) 37... Qe6 38. Rxg6 Qxg6+ 39. Qg4 Re2 {Strongly threatening ...Rg2+!} 40. Qxg6 hxg6 41. Rf2 Re4 42. Rf6 {Accuracy: White = 57%, Black = 46%.} 1-0

[Event "69th RUS-ch Women Superfinal 2019"]
[Site "Izhevsk"]
[Date "2019.08.17"]
[Round "7.1"]
[White "Kosteniuk, Alexandra"]
[Black "Kashlinskaya, Alina"]
[Result "0-1"]
[WhiteElo "2517"]
[BlackElo "2492"]
[Annotator "ChessBase"]
[PlyCount "120"]
[EventDate "2019.08.10"]
[EventType "tourn"]
[EventCountry "RUS"]
[SourceTitle "playchess.com"]
[Source "ChessBase"]
[SourceQuality "1"]
[TimeControl "40/5400+30:1800+30"]

1. e4 {[%emt 0:00:00]} e6 {[%emt 0:00:00]} 2. d4 {[%emt 0:00:00]} d5 {[%emt 0:00:00]} 3. Nc3 {[%emt 0:00:00]} Nf6 {[%emt 0:00:00]} 4. e5 {[%emt 0:00:00]} Nfd7 {[%emt 0:00:03]} 5. f4 {[%emt 0:00:00]} c5 {[%emt 0:00:11]} 6. Nf3 {[%emt 0:00:02]} Nc6 {[%emt 0:00:08]} 7. Be3 {[%emt 0:00:45]} Qb6 {[%emt 0:00:18]} 8. Na4 {[%emt 0:00:23]} Qa5+ {[%emt 0:00:14]} 9. c3 {[%emt 0:00:06]} b6 {[%emt 0:00:11]} 10. Bd2 {[%emt 0:05:44]} c4 {[%emt 0:00:21]} 11. b3 {[%emt 0:05:00]} b5 {[%emt 0:03:13]} 12. Nb2 {[%emt 0:00:48]} Rb8 {[%emt 0:08:42]} 13. Kf2 {[%emt 0:11:18]} Ba3 {[%emt 0:11:11]} 14. Qc2 {[%emt 0:02:04]} f6 {[%emt 0:04:05]} 15. g3 {[%emt 0:09:36]} Qb6 {[%emt 0:18:01]} 16. bxc4 {[%emt 0:13:47]} fxe5 {[%emt 0:10:43]} 17. cxb5 {[%emt 0:08:51]} Bxb2 {[%emt 0:06:28]} 18. Qxb2 {[%emt 0:02:56]} e4 {[%emt 0:00:25]} 19. Qa3 {[%emt 0:07:22]} Ne7 {[%emt 0:03:03]} 20. Ne1 {[%emt 0:01:39]} Nf6 {[%emt 0:07:22]} 21. Nc2 {[%emt 0:00:45]} Nf5 {[%emt 0:00:16]} 22. Be2 {[%emt 0:00:58]} Bd7 {[%emt 0:00:44]} 23. Rab1 {[%emt 0:03:56]} h5 {[%emt 0:00:46]} 24. Qb4 {[%emt 0:03:17]} Kf7 {[%emt 0:03:32]} 25. a4 {[%emt 0:00:14]} Qc7 {[%emt 0:01:30]} 26. Qc5 {[%emt 0:02:15]} e3+ {[%emt 0:00:24]} 27. Kf3 {[%emt 0:01:41]} Qxc5 {[%emt 0:00:19]} 28. dxc5 {[%emt 0:00:02]} exd2 {[%emt 0:00:06]} 29. Bd3 {[%emt 0:00:03]} Ne4 {[%emt 0:05:36]} 30. Bxe4 {[%emt 0:00:38]} dxe4+ {[%emt 0:00:02]} 31. Ke2 {[%emt 0:03:20]} Rbc8 {[%emt 0:02:18]} 32. c6 {[%emt 0:00:09]} Bxc6 {[%emt 0:00:11]} 33. bxc6 {[%emt 0:00:04]} Rxc6 {[%emt 0:00:06]} 34. Kxd2 {[%emt 0:01:50]} Rd8+ {[%emt 0:00:07]} 35. Nd4 {[%emt 0:00:06]} Nxd4 {[%emt 0:00:12]} 36. cxd4 {[%emt 0:00:03]} Rxd4+ {[%emt 0:00:10]} 37. Ke3 {[%emt 0:00:03]} Rxa4 {[%emt 0:00:14]} 38. Rhc1 {[%emt 0:00:06]} Rxc1 {[%emt 0:07:24]} 39. Rxc1 {[%emt 0:00:02]} Kf6 {[%emt 0:00:16]} 40. Rc7 {[%emt 0:00:00]} g6 {[%emt 0:00:00]} 41. Rd7 {[%emt 0:14:43]} a5 {[%emt 0:09:47]} 42. Ra7 {[%emt 0:00:38]} e5 {[%emt 0:04:37]} 43. h4 {[%emt 0:03:49]} Kf5 {[%emt 0:02:39]} 44. Rf7+ {[%emt 0:00:15]} Ke6 {[%emt 0:00:05]} 45. Ra7 {[%emt 0:03:13]} exf4+ {[%emt 0:04:10]} 46. gxf4 {[%emt 0:00:20]} Kd5 {[%emt 0:03:47]} 47. Rd7+ {[%emt 0:00:22]} Kc5 {[%emt 0:01:10]} 48. Rc7+ {[%emt 0:06:15]} Kb6 {[%emt 0:00:33]} 49. Rg7 {[%emt 0:01:49]} Ra3+ {[%emt 0:00:13]} 50. Kd4 {[%emt 0:00:25]} Rd3+ {[%emt 0:00:31]} 51. Kxe4 {[%emt 0:03:43]} Rd6 {[%emt 0:03:01]} 52. Rf7 {[%emt 0:05:15]} a4 {[%emt 0:01:35]} 53. Rf8 {[%emt 0:00:23]} Rc6 {[%emt 0:07:05]} 54. Kd4 {[%emt 0:02:30]} Kb5 {[%emt 0:02:04]} 55. f5 {[%emt 0:08:19]} a3 {[%emt 0:00:17]} 56. Rb8+ {[%emt 0:01:48]} Rb6 {[%emt 0:00:47]} 57. Ra8 {[%emt 0:00:05]} Ra6 {[%emt 0:01:01]} 58. Rb8+ {[%emt 0:00:03]} Kc6 {[%emt 0:01:42]} 59. Rc8+ {[%emt 0:03:07]} Kd6 {[%emt 0:00:47]} 60. Re8 {[%emt 0:02:26]} Ra4+ {[%emt 0:00:20]} 0-1

[Event "69th RUS-ch Women Superfinal 2019"]
[Site "Izhevsk"]
[Date "2019.08.17"]
[Round "7.2"]
[White "Pogonina, Natalija"]
[Black "Shuvalova, Polina"]
[Result "1-0"]
[WhiteElo "2457"]
[BlackElo "2418"]
[Annotator "ChessBase"]
[PlyCount "75"]
[EventDate "2019.08.10"]
[EventType "tourn"]
[EventCountry "RUS"]
[SourceTitle "playchess.com"]
[Source "ChessBase"]
[SourceQuality "1"]
[TimeControl "40/5400+30:1800+30"]

1. d4 {[%emt 0:00:00]} Nf6 {[%emt 0:00:00]} 2. c4 {[%emt 0:00:00]} e6 {[%emt 0:00:00]} 3. g3 {[%emt 0:00:00]} d5 {[%emt 0:00:04]} 4. Nf3 {[%emt 0:00:15]} Be7 {[%emt 0:00:09]} 5. Bg2 {[%emt 0:00:13]} O-O {[%emt 0:00:05]} 6. Qc2 {[%emt 0:00:55]} a6 {[%emt 0:06:26]} 7. Ne5 {[%emt 0:10:12]} c5 {[%emt 0:02:59]} 8. dxc5 {[%emt 0:04:04]} Qa5+ {[%emt 0:02:43]} 9. Bd2 {[%emt 0:11:19]} Qxc5 {[%emt 0:00:33]} 10. Nd3 {[%emt 0:04:39]} Qc7 {[%emt 0:08:10]} 11. O-O {[%emt 0:02:56]} Bd7 {[%emt 0:02:01]} 12. Na3 {[%emt 0:06:26]} Nc6 {[%emt 0:12:46]} 13. cxd5 {[%emt 0:01:27]} exd5 {[%emt 0:00:27]} 14. Nf4 {[%emt 0:01:34]} Qe5 {[%emt 0:08:16]} 15. Qb3 {[%emt 0:07:27]} Rfd8 {[%emt 0:08:28]} 16. Rad1 {[%emt 0:03:06]} Bf5 {[%emt 0:06:43]} 17. Qxb7 {[%emt 0:15:00]} Qd6 {[%emt 0:02:43]} 18. Rc1 {[%emt 0:16:29]} Bd7 {[%emt 0:01:09]} 19. Qb3 {[%emt 0:00:18]} Rab8 {[%emt 0:01:09]} 20. Qd3 {[%emt 0:01:43]} Rxb2 {[%emt 0:04:13]} 21. Nc2 {[%emt 0:00:54]} Rxa2 {[%emt 0:14:55]} 22. Qb3 {[%emt 0:01:43]} Rxc2 {[%emt 0:01:57]} 23. Qxc2 {[%emt 0:00:04]} g5 {[%emt 0:02:02]} 24. Nd3 {[%emt 0:00:42]} Nd4 {[%emt 0:01:34]} 25. Qd1 {[%emt 0:00:07]} Ne4 {[%emt 0:06:30]} 26. Bb4 {[%emt 0:02:18]} Qf6 {[%emt 0:01:28]} 27. Bxe7 {[%emt 0:01:03]} Qxe7 {[%emt 0:00:03]} 28. e3 {[%emt 0:01:35]} Nf5 {[%emt 0:01:58]} 29. Qc2 {[%emt 0:01:47]} Bb5 {[%emt 0:00:34]} 30. Rfd1 {[%emt 0:01:38]} h5 {[%emt 0:02:38]} 31. Nc5 {[%emt 0:02:56]} Nxc5 {[%emt 0:02:06]} 32. Qxc5 {[%emt 0:00:05]} Qxc5 {[%emt 0:00:39]} 33. Rxc5 {[%emt 0:00:05]} Ne7 {[%emt 0:00:15]} 34. Bxd5 {[%emt 0:01:48]} Kg7 {[%emt 0:00:45]} 35. Bf3 {[%emt 0:00:54]} Rxd1+ {[%emt 0:00:10]} 36. Bxd1 {[%emt 0:00:04]} Kg6 {[%emt 0:00:06]} 37. f4 {[%emt 0:01:09]} f6 {[%emt 0:00:49]} 38. Bc2+ {[%emt 0:00:32]} 1-0

[Event "69th RUS-ch Women Superfinal 2019"]
[Site "Izhevsk"]
[Date "2019.08.17"]
[Round "7.3"]
[White "Gunina, Valentina"]
[Black "Charochkina, Daria"]
[Result "1-0"]
[WhiteElo "2497"]
[BlackElo "2338"]
[Annotator "ChessBase"]
[PlyCount "171"]
[EventDate "2019.08.10"]
[EventType "tourn"]
[EventCountry "RUS"]
[SourceTitle "playchess.com"]
[Source "ChessBase"]
[SourceQuality "1"]
[TimeControl "40/5400+30:1800+30"]

1. d4 {[%emt 0:00:00]} d5 {[%emt 0:00:00]} 2. c4 {[%emt 0:00:00]} c6 {[%emt 0:00:00]} 3. Nc3 {[%emt 0:00:00]} Nf6 {[%emt 0:00:00]} 4. e3 {[%emt 0:00:00]} e6 {[%emt 0:00:20]} 5. Nf3 {[%emt 0:00:00]} Nbd7 {[%emt 0:00:12]} 6. Qc2 {[%emt 0:00:00]} Bd6 {[%emt 0:00:28]} 7. g4 {[%emt 0:00:05]} dxc4 {[%emt 0:00:12]} 8. g5 {[%emt 0:01:26]} Nd5 {[%emt 0:00:17]} 9. Bxc4 {[%emt 0:00:04]} e5 {[%emt 0:00:26]} 10. Bd2 {[%emt 0:00:10]} exd4 {[%emt 0:00:47]} 11. Qe4+ {[%emt 0:01:05]} Ne7 {[%emt 0:01:29]} 12. Qxd4 {[%emt 0:02:35]} Nf5 {[%emt 0:03:23]} 13. Qe4+ {[%emt 0:00:39]} Ne7 {[%emt 0:00:39]} 14. Qc2 {[%emt 0:21:40]} Nb6 {[%emt 0:15:26]} 15. Be2 {[%emt 0:01:52]} Bf5 {[%emt 0:13:41]} 16. e4 {[%emt 0:03:05]} Bg4 {[%emt 0:00:23]} 17. O-O-O {[%emt 0:01:06]} Nc4 {[%emt 0:17:15]} 18. e5 {[%emt 0:15:39]} Nxe5 {[%emt 0:05:35]} 19. Nxe5 {[%emt 0:03:12]} Bxe2 {[%emt 0:00:06]} 20. Nxe2 {[%emt 0:00:02]} Bxe5 {[%emt 0:00:07]} 21. f4 {[%emt 0:02:25]} Bd6 {[%emt 0:00:40]} 22. Bc3 {[%emt 0:03:16]} O-O {[%emt 0:01:59]} 23. Ng3 {[%emt 0:01:54]} Bxf4+ {[%emt 0:04:19]} 24. Kb1 {[%emt 0:00:21]} Nd5 {[%emt 0:00:10]} 25. Bxg7 {[%emt 0:02:21]} Re8 {[%emt 0:02:03]} 26. Nh5 {[%emt 0:04:30]} Qxg5 {[%emt 0:04:58]} 27. Rhg1 {[%emt 0:05:13]} Qxh5 {[%emt 0:00:18]} 28. Rxd5 {[%emt 0:06:34]} Qg6 {[%emt 0:12:22]} 29. Rxg6 {[%emt 0:01:23]} hxg6 {[%emt 0:00:05]} 30. Rd7 {[%emt 0:00:43]} Kxg7 {[%emt 0:00:27]} 31. a3 {[%emt 0:05:21]} Be5 {[%emt 0:06:30]} 32. Qf2 {[%emt 0:06:03]} Bf6 {[%emt 0:00:21]} 33. Rxb7 {[%emt 0:02:50]} Re7 {[%emt 0:02:48]} 34. Rxe7 {[%emt 0:00:48]} Bxe7 {[%emt 0:00:04]} 35. Qf3 {[%emt 0:00:43]} Rh8 {[%emt 0:03:50]} 36. Qxc6 {[%emt 0:03:50]} Rxh2 {[%emt 0:00:08]} 37. Qc7 {[%emt 0:00:03]} Rh1+ {[%emt 0:01:46]} 38. Kc2 {[%emt 0:00:12]} Bf6 {[%emt 0:00:26]} 39. b4 {[%emt 0:00:22]} Bd4 {[%emt 0:02:18]} 40. Qf4 {[%emt 0:00:00]} Bb6 {[%emt 0:00:00]} 41. a4 {[%emt 0:04:26]} Rh5 {[%emt 0:06:45]} 42. Qg3 {[%emt 0:02:15]} Rf5 {[%emt 0:04:00]} 43. Qc3+ {[%emt 0:03:52]} Kh7 {[%emt 0:02:30]} 44. a5 {[%emt 0:01:18]} Bf2 {[%emt 0:00:15]} 45. Kd1 {[%emt 0:00:35]} Kg8 {[%emt 0:03:32]} 46. Ke2 {[%emt 0:01:02]} Bg1 {[%emt 0:01:26]} 47. Qg3 {[%emt 0:02:50]} Bd4 {[%emt 0:00:57]} 48. Qh4 {[%emt 0:02:15]} Bf6 {[%emt 0:03:01]} 49. Qc4 {[%emt 0:00:50]} Kg7 {[%emt 0:00:13]} 50. Kd3 {[%emt 0:02:01]} Re5 {[%emt 0:02:36]} 51. Qc6 {[%emt 0:06:37]} Re6 {[%emt 0:01:13]} 52. Qb7 {[%emt 0:01:34]} a6 {[%emt 0:03:00]} 53. Kc4 {[%emt 0:08:50]} Bg5 {[%emt 0:00:25]} 54. Qd5 {[%emt 0:02:15]} Be3 {[%emt 0:00:34]} 55. Kd3 {[%emt 0:00:24]} Ba7 {[%emt 0:02:09]} 56. Qb7 {[%emt 0:00:25]} Bf2 {[%emt 0:01:45]} 57. Qc7 {[%emt 0:01:12]} Bg1 {[%emt 0:00:45]} 58. Qg3 {[%emt 0:01:01]} Ba7 {[%emt 0:00:28]} 59. Qg2 {[%emt 0:00:54]} Rd6+ {[%emt 0:00:39]} 60. Kc4 {[%emt 0:01:18]} Re6 {[%emt 0:00:16]} 61. Qb2+ {[%emt 0:00:58]} Kg8 {[%emt 0:00:15]} 62. Qh2 {[%emt 0:01:22]} Kg7 {[%emt 0:01:59]} 63. Qg2 {[%emt 0:00:08]} Be3 {[%emt 0:00:32]} 64. b5 {[%emt 0:01:11]} axb5+ {[%emt 0:00:05]} 65. Kxb5 {[%emt 0:00:03]} Bd4 {[%emt 0:01:13]} 66. Kc4 {[%emt 0:00:06]} Be3 {[%emt 0:00:53]} 67. Kd3 {[%emt 0:00:10]} Ba7 {[%emt 0:00:16]} 68. Qb7 {[%emt 0:00:22]} Bg1 {[%emt 0:00:38]} 69. Qb8 {[%emt 0:00:48]} Bc5 {[%emt 0:00:49]} 70. Qc7 {[%emt 0:00:23]} Bg1 {[%emt 0:00:26]} 71. Qc3+ {[%emt 0:00:35]} Kg8 {[%emt 0:00:19]} 72. Qa1 {[%emt 0:01:06]} Ba7 {[%emt 0:00:38]} 73. Qc1 {[%emt 0:00:18]} Kg7 {[%emt 0:01:06]} 74. Qc7 {[%emt 0:00:34]} Bg1 {[%emt 0:00:28]} 75. Qb7 {[%emt 0:00:56]} Rd6+ {[%emt 0:00:42]} 76. Ke2 {[%emt 0:00:11]} Re6+ {[%emt 0:00:09]} 77. Kf3 {[%emt 0:00:06]} Bd4 {[%emt 0:00:56]} 78. Qc7 {[%emt 0:00:54]} Bg1 {[%emt 0:00:49]} 79. Qc3+ {[%emt 0:00:14]} Kg8 {[%emt 0:00:24]} 80. Qc4 {[%emt 0:00:36]} Ba7 {[%emt 0:00:30]} 81. Qc7 {[%emt 0:00:11]} Bg1 {[%emt 0:00:33]} 82. a6 {[%emt 0:00:31]} Bb6 {[%emt 0:01:22]} 83. Qb7 {[%emt 0:00:24]} Kg7 {[%emt 0:00:12]} 84. Kf4 {[%emt 0:00:33]} Be3+ {[%emt 0:00:15]} 85. Kg4 {[%emt 0:00:14]} Re4+ {[%emt 0:01:26]} 86. Qxe4 {[%emt 0:00:19]} 1-0

[Event "69th RUS-ch Women Superfinal 2019"]
[Site "Izhevsk"]
[Date "2019.08.17"]
[Round "7.4"]
[White "Shafigullina, Zarina"]
[Black "Girya, Olga"]
[Result "0-1"]
[WhiteElo "2246"]
[BlackElo "2457"]
[Annotator "TA"]
[PlyCount "60"]
[EventDate "2019.08.10"]
[EventType "tourn"]
[EventCountry "RUS"]
[SourceTitle "playchess.com"]
[Source "ChessBase"]
[SourceQuality "1"]

{[%evp 13,60,19,23,4,19,14,37,23,34,9,8,4,14,0,30,-51,-54,-80,-80,-83,-80,-92,-91,-95,-80,-113,-127,-278,-279,-319,-318,-403,-399,-396,-397,-396,-399,-391,-379,-414,-413,-438,-437,-483,-460,-443,-393,-513,-512]} 1. e4 c6 2. d4 d5 3. e5 Bf5 4. Nf3 e6 5. Be2 Ne7 6. O-O c5 7. c4 Nbc6 8. dxc5 {White wants to play Qa4. B12: Caro-Kann: Advance Variation} dxc4 9. Bxc4 Qxd1 (9... Ng6 10. Be3 Be7 11. Nc3 O-O 12. Be2 Qb8 13. Nd2 Rd8 14. f4 Nb4 15. Rc1 b6 {1-0 (42) Harikrishna,P (2729)-Mamedyarov,S (2817) Kolkata 2018}) 10. Rxd1 {White is slightly better.} Rd8 11. Rd6 $146 ({Predecessor:} 11. Rxd8+ Kxd8 12. Nc3 Ng6 13. Be3 Ngxe5 14. Nxe5 Nxe5 15. Be2 Be7 {½-½ (49) Inarkiev,E (2684)-Esipenko,A (2571) Moscow 2018}) 11... Ng6 12. Bb5 Bxd6 13. exd6 e5 (13... a6 {feels hotter.} 14. Ba4 Be4 15. Ne1 f6 16. Nc3 Bf5) 14. Bxc6+ (14. Nc3 $11) 14... bxc6 $15 15. b4 Rb8 16. a3 {[#]} a5 $1 {[%mdl 512]} 17. Nc3 (17. bxa5 Rxb1) 17... axb4 18. axb4 O-O 19. Ba3 {[#]} Ra8 $1 20. b5 $2 (20. Nd2 $17) 20... cxb5 $19 21. Nd5 {[#]} b4 $1 22. Nxb4 (22. Bxb4 Rxa1+) 22... Rfb8 {...Rxb4! is the strong threat.} 23. c6 {[#] intending d7.} Rxb4 $1 {[%mdl 576] Pin} 24. d7 {[#]} (24. Bxb4 Rxa1+) 24... Bxd7 25. cxd7 Rb7 26. Re1 Rxd7 27. Bb2 f6 28. g3 Ra2 29. Bc1 Ra1 30. Kg2 e4 0-1

[Event "69th RUS-ch Women Superfinal 2019"]
[Site "Izhevsk"]
[Date "2019.08.17"]
[Round "7.5"]
[White "Tomilova, Elena"]
[Black "Potapova, Margarita"]
[Result "1/2-1/2"]
[WhiteElo "2281"]
[BlackElo "2292"]
[Annotator "NA"]
[PlyCount "104"]
[EventDate "2019.08.10"]
[EventType "tourn"]
[EventCountry "RUS"]
[SourceTitle "playchess.com"]
[Source "ChessBase"]
[SourceQuality "1"]
[TimeControl "40/5400+30:1800+30"]

1. Nf3 {[%emt 0:00:00]} Nf6 {[%emt 0:00:00]} 2. c4 {[%emt 0:00:00]} e6 {[%emt 0:00:00]} 3. e3 {[%emt 0:00:00]} d5 {[%emt 0:01:25]} 4. b3 {[%emt 0:00:13]} Be7 {[%emt 0:01:10]} 5. Bb2 {[%emt 0:00:55]} O-O {[%emt 0:00:20]} 6. Nc3 {[%emt 0:01:33]} b6 {[%emt 0:01:58]} 7. Be2 {[%emt 0:04:01]} Bb7 {[%emt 0:00:28]} 8. O-O {[%emt 0:00:21]} c5 {[%emt 0:02:06]} 9. cxd5 {[%emt 0:00:56]} Nxd5 {[%emt 0:02:35]} 10. d4 {[%emt 0:03:36]} Nxc3 {[%emt 0:04:30]} 11. Bxc3 {[%emt 0:00:07]} Nd7 {[%emt 0:03:02]} 12. Qc2 {[%emt 0:05:16]} Rc8 {[%emt 0:10:45]} 13. Qb2 {[%emt 0:02:11]} Bf6 {[%emt 0:01:30]} 14. Rfd1 {[%emt 0:01:39]} Qe7 {[%emt 0:02:46]} 15. b4 {[%emt 0:19:59]} cxd4 {[%emt 0:10:51]} 16. Nxd4 {[%emt 0:03:09]} Rfd8 {[%emt 0:03:50]} 17. Rac1 {[%emt 0:01:15]} a6 {[%emt 0:04:17]} 18. b5 {[%emt 0:10:20]} axb5 $11 {[%emt 0:01:17]} 19. Bxb5 {[%emt 0:02:26]} Nc5 {[%emt 0:02:03]} 20. f3 {[%emt 0:03:12]} Bg5 {[%emt 0:02:50]} 21. Qe2 {[%emt 0:02:38]} e5 {[%emt 0:02:39]} 22. Nf5 {[%emt 0:03:04]} Qe6 {[%emt 0:01:58]} 23. Ng3 {[%emt 0:01:03]} Qh6 {[%emt 0:06:18]} 24. Nf1 {[%emt 0:01:33]} Qe6 {[%emt 0:06:14]} 25. Bb4 {[%emt 0:06:31]} Rxd1 {[%emt 0:16:39]} 26. Rxd1 {[%emt 0:00:42]} Bd5 {[%emt 0:01:56]} 27. a3 {[%emt 0:00:58]} Bc6 {[%emt 0:03:52]} 28. Bc4 {[%emt 0:01:49]} Qe8 {[%emt 0:00:18]} 29. Ng3 {[%emt 0:05:32]} g6 {[%emt 0:01:14]} 30. Bxc5 {[%emt 0:03:17]} bxc5 {[%emt 0:00:06]} 31. Ne4 {[%emt 0:00:18]} Bxe4 {[%emt 0:02:22]} 32. fxe4 {[%emt 0:00:05]} Kg7 {[%emt 0:00:27]} 33. Bb5 {[%emt 0:08:18]} Qf8 {[%emt 0:00:38]} 34. Rf1 {[%emt 0:03:02]} Rc7 {[%emt 0:01:18]} 35. a4 {[%emt 0:00:33]} c4 {[%emt 0:00:32]} 36. Bxc4 {[%emt 0:00:15]} Qc5 {[%emt 0:00:18]} 37. Bd5 {[%emt 0:01:24]} Qxe3+ {[%emt 0:01:25]} 38. Qxe3 {[%emt 0:00:05]} Bxe3+ {[%emt 0:00:05]} 39. Kh1 {[%emt 0:00:02]} Ra7 {[%emt 0:01:38]} 40. Bc6 {[%emt 0:00:00]} Rc7 {[%emt 0:00:00]} 41. Bb5 {[%emt 0:03:18]} Bd2 {[%emt 0:01:26]} 42. g3 {[%emt 0:03:07]} Ba5 {[%emt 0:09:28]} 43. Kg2 {[%emt 0:03:27]} Rc2+ {[%emt 0:00:41]} 44. Rf2 {[%emt 0:00:16]} Rc1 {[%emt 0:02:11]} 45. g4 {[%emt 0:02:09]} f6 {[%emt 0:01:47]} 46. h4 {[%emt 0:00:30]} Bb6 {[%emt 0:00:42]} 47. Ra2 {[%emt 0:00:50]} Rg1+ {[%emt 0:00:26]} 48. Kf3 {[%emt 0:00:34]} Ba5 {[%emt 0:00:57]} 49. Be2 {[%emt 0:08:05]} Rh1 {[%emt 0:00:59]} 50. Kg3 {[%emt 0:03:45]} Rg1+ {[%emt 0:00:38]} 51. Kf3 {[%emt 0:00:18]} Rh1 {[%emt 0:00:06]} 52. Kg3 {[%emt 0:00:42]} Rg1+ {[%emt 0:00:29]} 1/2-1/2

[Event "69th RUS-ch Women Superfinal 2019"]
[Site "Izhevsk"]
[Date "2019.08.17"]
[Round "7.6"]
[White "Goryachkina, Aleksandra"]
[Black "Bodnaruk, Anastasia"]
[Result "1/2-1/2"]
[WhiteElo "2564"]
[BlackElo "2440"]
[Annotator "ChessBase"]
[PlyCount "129"]
[EventDate "2019.08.10"]
[EventType "tourn"]
[EventCountry "RUS"]
[SourceTitle "playchess.com"]
[Source "ChessBase"]
[SourceQuality "1"]
[TimeControl "40/5400+30:1800+30"]

1. d4 {[%emt 0:00:00]} Nf6 {[%emt 0:00:00]} 2. c4 {[%emt 0:00:00]} g6 {[%emt 0:00:00]} 3. Nc3 {[%emt 0:00:00]} Bg7 {[%emt 0:00:00]} 4. e4 {[%emt 0:00:07]} d6 {[%emt 0:00:00]} 5. f3 {[%emt 0:00:12]} O-O {[%emt 0:00:07]} 6. Be3 {[%emt 0:00:16]} c5 {[%emt 0:00:18]} 7. Nge2 {[%emt 0:00:21]} Nc6 {[%emt 0:00:15]} 8. d5 {[%emt 0:00:48]} Ne5 {[%emt 0:00:54]} 9. Ng3 {[%emt 0:00:54]} e6 {[%emt 0:00:47]} 10. Be2 {[%emt 0:01:49]} exd5 {[%emt 0:00:11]} 11. cxd5 {[%emt 0:00:20]} a6 {[%emt 0:01:13]} 12. a4 {[%emt 0:01:28]} Bd7 {[%emt 0:01:03]} 13. O-O {[%emt 0:00:21]} b5 {[%emt 0:05:44]} 14. h3 {[%emt 0:00:40]} Rb8 {[%emt 0:05:13]} 15. axb5 {[%emt 0:04:00]} axb5 {[%emt 0:00:40]} 16. f4 {[%emt 0:04:05]} Nc4 {[%emt 0:00:08]} 17. Bxc4 {[%emt 0:00:23]} bxc4 {[%emt 0:00:03]} 18. e5 {[%emt 0:00:51]} Ne8 {[%emt 0:31:00]} 19. Qe2 {[%emt 0:11:47]} dxe5 {[%emt 0:04:50]} 20. Bxc5 {[%emt 0:02:48]} exf4 {[%emt 0:00:32]} 21. Bxf8 {[%emt 0:01:32]} Bxf8 {[%emt 0:01:30]} 22. Rxf4 {[%emt 0:03:11]} Bc5+ {[%emt 0:07:24]} 23. Kf1 {[%emt 0:17:30]} f5 {[%emt 0:10:56]} 24. Rxc4 {[%emt 0:05:00]} Bd6 {[%emt 0:08:53]} 25. Nh1 {[%emt 0:03:38]} Nf6 {[%emt 0:01:32]} 26. Nf2 {[%emt 0:12:23]} Nh5 {[%emt 0:01:22]} 27. Kg1 {[%emt 0:00:52]} Qg5 {[%emt 0:01:39]} 28. Qf3 {[%emt 0:03:32]} Re8 {[%emt 0:01:21]} 29. Rc6 {[%emt 0:10:27]} Bxc6 {[%emt 0:07:34]} 30. dxc6 {[%emt 0:00:01]} Nf4 {[%emt 0:02:59]} 31. Nd3 {[%emt 0:07:13]} Re3 {[%emt 0:06:02]} 32. Ra8+ {[%emt 0:02:03]} Kg7 {[%emt 0:00:49]} 33. Ra7+ {[%emt 0:01:33]} Kh6 {[%emt 0:00:12]} 34. h4 {[%emt 0:01:37]} Qg4 {[%emt 0:01:07]} 35. Qxg4 {[%emt 0:01:29]} fxg4 {[%emt 0:00:02]} 36. Nxf4 {[%emt 0:01:04]} Bc5 {[%emt 0:00:49]} 37. Ra5 {[%emt 0:01:32]} Rxc3+ {[%emt 0:00:32]} 38. Kh2 {[%emt 0:01:38]} Rc1 {[%emt 0:00:46]} 39. Kg3 {[%emt 0:01:05]} Bd6 {[%emt 0:00:17]} 40. Kxg4 {[%emt 0:00:00]} Rxc6 {[%emt 0:00:00]} 41. Rb5 {[%emt 0:05:23]} Bxf4 {[%emt 0:16:53]} 42. Kxf4 {[%emt 0:00:02]} Rc4+ {[%emt 0:00:04]} 43. Kg3 {[%emt 0:00:13]} Kg7 {[%emt 0:00:17]} 44. Rb3 {[%emt 0:03:32]} h5 {[%emt 0:01:32]} 45. Rc3 {[%emt 0:02:04]} Rb4 {[%emt 0:03:27]} 46. b3 {[%emt 0:00:07]} Kh6 {[%emt 0:02:10]} 47. Kh3 {[%emt 0:01:12]} Rd4 {[%emt 0:06:43]} 48. Rf3 {[%emt 0:01:42]} Re4 {[%emt 0:01:31]} 49. Rd3 {[%emt 0:00:46]} Rf4 {[%emt 0:00:44]} 50. g3 {[%emt 0:05:47]} Rf2 {[%emt 0:00:01]} 51. Rd7 {[%emt 0:00:10]} Rb2 {[%emt 0:01:28]} 52. Rb7 {[%emt 0:00:01]} Rc2 {[%emt 0:00:17]} 53. b4 {[%emt 0:00:22]} Rb2 {[%emt 0:00:35]} 54. b5 {[%emt 0:00:06]} Rc2 {[%emt 0:00:13]} 55. Rb6 {[%emt 0:06:57]} Rb2 {[%emt 0:00:34]} 56. Rb8 {[%emt 0:00:12]} Rc2 {[%emt 0:02:13]} 57. b6 {[%emt 0:02:43]} Rb2 {[%emt 0:00:05]} 58. Rb7 {[%emt 0:00:04]} g5 {[%emt 0:00:26]} 59. hxg5+ {[%emt 0:00:07]} Kxg5 {[%emt 0:00:05]} 60. Rb8 {[%emt 0:02:26]} Kg6 {[%emt 0:00:05]} 61. b7 {[%emt 0:01:00]} Kg7 {[%emt 0:00:16]} 62. Kh4 {[%emt 0:00:10]} Rb5 {[%emt 0:00:18]} 63. g4 {[%emt 0:00:10]} hxg4 {[%emt 0:00:11]} 64. Kxg4 {[%emt 0:00:04]} Rb1 {[%emt 0:00:22]} 65. Kf4 {[%emt 0:00:06]} 1/2-1/2